| 000 | 00830nam a2200193 i 4500 | ||
|---|---|---|---|
| 001 | 119976 | ||
| 003 | ES-MaACL | ||
| 005 | 20230906191436.0 | ||
| 007 | t| | ||
| 008 | 070214s1924 sp |||| | spa d | ||
| 100 | 1 |
_aPérez Santisteban, Víctor. _991148 |
|
| 245 | 1 | 0 |
_aIberoamericanismo a base de rectificación histórica _b: memoria presentada por el secretario primero de la Sección Iberoamericana del Ateneo : curso de 1923-24 / _cVíctor Pérez Santisteban. |
| 260 |
_aMadrid : _b[s.n.], _c1924 ( _fImp. Lacalle y del Rey) |
||
| 300 |
_a63 p. ; _c19 cm. |
||
| 594 | _aPrecede al tít.: Ateneo de Madrid. | ||
| 610 | 2 | 4 |
_aAteneo de Madrid. _bSección Iberoamericana- _vMemorias. _92013 |
| 710 | 2 |
_aAteneo de Madrid. _bSección Iberoamericana. _92012 |
|
| 852 | 4 |
_aES-MaACL _j1666-F-9 _z- Dedicatoria autógrafa del autor |
|
| 999 |
_c119976 _d119976 |
||